Estadísticas para Rompecabeza de una Imagen de un País #1

Haz click aquí para tomar la prueba!

Estadísticas generales

  • Esta prueba ha sido tomada 1,405 veces
  • La puntuación promedio es 8 de 17

Estadísticas de respuestas

Pista Respuesta % Correcto
Desierto más grande en ÁfricaSahara
83%
País en una isla más grande del MediterraneoChipre
76%
País a veces llamado "Tierra del Sol Naciente"Japón
76%
Procedencia de los BeatlesLiverpool
72%
Único país que comparte fronteras con AlemaniaDinamarca
66%
Capital de SerbiaBelgrado
61%
PAÍS ESCONDIDOItalia
56%
Capital de ToscanaFlorencia
44%
Península más grande en el oeste de MéxicoBaja California
41%
Capital antigua de Alemania OccidentalBonn
39%
País a veces llamado "The Land Down Under" en inglésAustralia
35%
Cabo en el extremo sur de América del SurCabo de Hornos
33%
Montaña donde aterrizó el Arca de NoeMonte Ararat
31%
Lugar en India donde puedes encontrar el Taj MahalAgra
27%
Primera persona en visitar el Polo SurRoald Amundsen
24%
Mar bordeado solamente por TurquíaMar de Mármara
20%
Nombre antiguo de TokioEdo
19%

Distribución de puntuación

Porcentaje por número respondido

Porcentaje de gente con cada puntuación

Historial de tus puntuaciones

No has tomado esta prueba